குழந்தைகளுக்கான ஓழுக்கநெறிக் கதைகள் (Record no. 327)

MARC details
000 -LEADER
fixed length control field 00845 a2200229 4500
010 ## - LIBRARY OF CONGRESS CONTROL NUMBER
LC control number TML-30228
020 ## - INTERNATIONAL STANDARD BOOK NUMBER
Terms of availability 40.00
035 ## - SYSTEM CONTROL NUMBER
System control number TM-28464
037 ## - SOURCE OF ACQUISITION
Source of stock number/acquisition D.B.Act / pub /
082 ## - DEWEY DECIMAL CLASSIFICATION NUMBER
Classification number 894.8113
090 ## - LOCALLY ASSIGNED LC-TYPE CALL NUMBER (OCLC); LOCAL CALL NUMBER (OCLC)
-- 329
-- 329
100 ## - MAIN ENTRY--PERSONAL NAME
Personal name சீனிவாசன், வேணு
245 ## - TITLE STATEMENT
Title குழந்தைகளுக்கான ஓழுக்கநெறிக் கதைகள்
Statement of responsibility, etc வேணு சீனிவாசன்
246 ## - VARYING FORM OF TITLE
Title proper/short title Kuzhandaigalukkana ozhukkanerik kadaigal
Remainder of title by Venu srinivasan
250 ## - EDITION STATEMENT
Edition statement 1st ed
260 ## - PUBLICATION, DISTRIBUTION, ETC. (IMPRINT)
Place of publication, distribution, etc Coimbatore
Name of publisher, distributor, etc Vijaya Pathippagam
Date of publication, distribution, etc 2006
270 ## - ADDRESS
Address 20, Raja veedhi, Coimbatore
Postal code 641001
300 ## - PHYSICAL DESCRIPTION
Extent 136p
Dimensions 18cm
650 ## - SUBJECT ADDED ENTRY--TOPICAL TERM
Topical term or geographic name as entry element Tamil Literature
General subdivision Fiction
942 ## - ADDED ENTRY ELEMENTS (KOHA)
Koha item type Tamil Bks
Call number prefix 894.8113 / SRI
Holdings
Withdrawn status Lost status Source of classification or shelving scheme Damaged status Not for loan Home library Current library Date acquired Total Checkouts Barcode Date last seen Uniform Resource Identifier Cost, replacement price Price effective from Koha item type
    Dewey Decimal Classification     D.B.Act.Division D.B.Act.Division 12/08/2008   TM-28464 15/09/2008 336 40.00 15/09/2008 Tamil Bks

© Delhi Public Library
Hit Counter
free hit counter